[Event "Tradewise Gibraltar ChallWk1"]
[Site "Gibraltar"]
[Date "2017.01.26"]
[Round "4.33"]
[White "Miracola, Giorgia"]
[Black "Mottonen, Ari"]
[Result "0-1"]
[WhiteElo "1924"]
[BlackElo "1997"]
[PlyCount "50"]
[EventDate "2017.01.23"]
[EventType "swiss"]
[EventRounds "5"]
[EventCountry "GGB"]
[SourceTitle "BritBase"]
[Source "www.saund.co.uk"]
[SourceDate "2018.02.10"]
[SourceVersion "1"]
[SourceVersionDate "2018.02.10"]
[SourceQuality "1"]

1. e4 c6 2. Nf3 d5 3. Nc3 Bg4 4. h3 Bxf3 5. Qxf3 e6 6. d3 Nf6 7. Bd2 Bb4 8.
O-O-O d4 9. Nb1 Bxd2+ 10. Nxd2 a5 11. e5 Nd5 12. Kb1 b5 13. Qg4 O-O 14. Qxd4
Nd7 15. Nf3 b4 16. Re1 c5 17. Qh4 Qb6 18. Ka1 a4 19. d4 b3 20. Bd3 g6 21. Ng5
h5 22. g4 a3 23. cxb3 axb2+ 24. Kxb2 Qa5 25. a4 Qc3+ 0-1

[Event "Tradewise Gibraltar ChallWk1"]
[Site "Gibraltar"]
[Date "2017.01.26"]
[Round "4.34"]
[White "Ruiz Manrique, Joaquin"]
[Black "Odeh, Kenneth"]
[Result "1/2-1/2"]
[WhiteElo "1986"]
[BlackElo "1969"]
[PlyCount "79"]
[EventDate "2017.01.23"]
[EventType "swiss"]
[EventRounds "5"]
[EventCountry "GGB"]
[SourceTitle "BritBase"]
[Source "www.saund.co.uk"]
[SourceDate "2018.02.10"]
[SourceVersion "1"]
[SourceVersionDate "2018.02.10"]
[SourceQuality "1"]

1. e4 c6 2. Nc3 d5 3. Nf3 Bg4 4. d4 dxe4 5. Nxe4 Bxf3 6. Qxf3 Qxd4 7. Be3 Qxb2
8. Rd1 Nf6 9. Bd4 Qxa2 10. Bxf6 gxf6 11. Bd3 Qa5+ 12. c3 Nd7 13. O-O Qc7 14.
Qe3 Bg7 15. Bb1 Kf8 16. Qh3 e6 17. Rd2 f5 18. Rfd1 Nb6 19. Qh4 Nd5 20. c4 Qf4
21. Qxf4 Nxf4 22. Nc5 b6 23. Na6 c5 24. Rd7 Bd4 25. g3 Ne2+ 26. Kf1 Nc3 27. Rc1
Nxb1 28. Rxb1 h5 29. h4 Be5 30. f4 Bd4 31. Nc7 Rb8 32. Na6 Rc8 33. Rxa7 Rc6 34.
Nb8 Rd6 35. Nd7+ Kg7 36. Rxb6 Rxb6 37. Nxb6 Rb8 38. Ra6 Rb7 39. Ke2 Kf8 40. Kf3
1/2-1/2

[Event "Tradewise Gibraltar ChallWk1"]
[Site "Gibraltar"]
[Date "2017.01.26"]
[Round "4.35"]
[White "Hamer, Martyn"]
[Black "Slinger, Tony J"]
[Result "1/2-1/2"]
[WhiteElo "2039"]
[BlackElo "1911"]
[PlyCount "85"]
[EventDate "2017.01.23"]
[EventType "swiss"]
[EventRounds "5"]
[EventCountry "GGB"]
[SourceTitle "BritBase"]
[Source "www.saund.co.uk"]
[SourceDate "2018.02.10"]
[SourceVersion "1"]
[SourceVersionDate "2018.02.10"]
[SourceQuality "1"]

1. e4 e5 2. Nc3 Nf6 3. Bc4 Nc6 4. d3 Bb4 5. Bg5 h6 6. Bh4 Na5 7. Bb3 O-O 8. Nf3
d6 9. h3 Qe7 10. Qe2 Nxb3 11. axb3 Qe6 12. Kf1 Bxc3 13. bxc3 c5 14. g4 Nh7 15.
Bg3 Re8 16. c4 Bd7 17. Qd2 g5 18. Ne1 Qe7 19. Ng2 Kg7 20. Ne3 Be6 21. c3 f6 22.
h4 Nf8 23. f3 Ng6 24. hxg5 hxg5 25. Nf5+ Bxf5 26. gxf5 Nf4 27. Bxf4 exf4 28.
Rh5 Rh8 29. Rxh8 Kxh8 30. Qh2+ Qh7 31. Qxh7+ Kxh7 32. d4 cxd4 33. cxd4 a6 34.
Ra5 Rc8 35. Ke2 Kg7 36. Kd3 Kf7 37. b4 Rh8 38. e5 dxe5 39. dxe5 fxe5 40. Rxe5
Rh1 41. Re6 Rd1+ 42. Ke2 Rd4 43. Re4 1/2-1/2

[Event "Tradewise Gibraltar ChallWk1"]
[Site "Gibraltar"]
[Date "2017.01.27"]
[Round "5.1"]
[White "Madina Yadarola, Martin"]
[Black "Renteria, Jorge"]
[Result "1-0"]
[WhiteElo "2214"]
[BlackElo "2242"]
[PlyCount "53"]
[EventDate "2017.01.23"]
[EventType "swiss"]
[EventRounds "5"]
[EventCountry "GGB"]
[SourceTitle "BritBase"]
[Source "www.saund.co.uk"]
[SourceDate "2018.02.10"]
[SourceVersion "1"]
[SourceVersionDate "2018.02.10"]
[SourceQuality "1"]

1. d4 Nf6 2. c4 c5 3. d5 b5 4. cxb5 a6 5. bxa6 g6 6. Nc3 Bxa6 7. e4 Bxf1 8.
Kxf1 d6 9. g3 Bg7 10. Kg2 O-O 11. Nf3 Nbd7 12. Bd2 Qa5 13. Qc2 Rfb8 14. a4 Qb4
15. Rhb1 Qb3 16. Qxb3 Rxb3 17. Ra2 c4 18. a5 Nc5 19. e5 dxe5 20. Nxe5 Nxd5 21.
Nxd5 Bxe5 22. Rc1 Rb5 23. Rxc4 Bxb2 24. Nc7 Be5 25. Nd5 Nb3 26. Nxe7+ Kf8 27.
Bb4 1-0

[Event "Tradewise Gibraltar ChallWk1"]
[Site "Gibraltar"]
[Date "2017.01.27"]
[Round "5.2"]
[White "Paronen, Petteri"]
[Black "Gonzalez Gonzalez, Alfonso"]
[Result "1-0"]
[WhiteElo "2164"]
[BlackElo "2162"]
[PlyCount "129"]
[EventDate "2017.01.23"]
[EventType "swiss"]
[EventRounds "5"]
[EventCountry "GGB"]
[SourceTitle "BritBase"]
[Source "www.saund.co.uk"]
[SourceDate "2018.02.10"]
[SourceVersion "1"]
[SourceVersionDate "2018.02.10"]
[SourceQuality "1"]

1. e4 e5 2. Nf3 Nc6 3. Bb5 a6 4. Bxc6 dxc6 5. d3 Qe7 6. O-O Bg4 7. Be3 Nf6 8.
Nbd2 Nd7 9. d4 f6 10. c3 Qe6 11. Qc2 Bd6 12. dxe5 Nxe5 13. Nd4 Qf7 14. f3 Bd7
15. N4b3 Qh5 16. g3 Qh3 17. Bf4 b5 18. Bxe5 fxe5 19. Qd3 O-O 20. Qe3 Rae8 21.
Nc5 Bc8 22. a4 Rf6 23. Rf2 Ref8 24. Nd3 h6 25. c4 Qe6 26. b3 Qe8 27. c5 Be7 28.
Nxe5 Re6 29. Nd3 Bf6 30. Rd1 Qh5 31. Re1 g5 32. f4 Bc3 33. Ref1 Rd8 34. e5 Bd4
35. Qe4 Ree8 36. f5 Qf7 37. e6 Qf6 38. Nf3 Bxf2+ 39. Nxf2 h5 40. g4 Rd5 41. Qe3
Bxe6 42. Ne4 Qd8 43. fxe6 Rxe6 44. Nfxg5 Rg6 45. h4 Rd1 46. Qf3 Qd4+ 47. Kg2
Rxf1 48. Kxf1 Qa1+ 49. Kg2 Qb2+ 50. Kg3 Qe5+ 51. Kg2 Qb2+ 52. Kg3 Qe5+ 53. Qf4
Qg7 54. gxh5 Rh6 55. Qf5 Qe7 56. a5 Kg7 57. Kg4 Kg8 58. Qc8+ Kg7 59. Ng3 Kf6
60. Qg8 Ke5 61. Nf3+ Kf6 62. Qg5+ Kf7 63. Qxh6 Qxc5 64. Qg6+ Kf8 65. Qf5+ 1-0

[Event "Tradewise Gibraltar ChallWk1"]
[Site "Gibraltar"]
[Date "2017.01.27"]
[Round "5.4"]
[White "Galmandakh, Badrakh"]
[Black "Elishev, Ivan"]
[Result "1-0"]
[WhiteElo "2215"]
[BlackElo "2143"]
[PlyCount "105"]
[EventDate "2017.01.23"]
[EventType "swiss"]
[EventRounds "5"]
[EventCountry "GGB"]
[SourceTitle "BritBase"]
[Source "www.saund.co.uk"]
[SourceDate "2018.02.10"]
[SourceVersion "1"]
[SourceVersionDate "2018.02.10"]
[SourceQuality "1"]

1. g3 g6 2. Bg2 Bg7 3. c4 c5 4. Nc3 Nc6 5. e3 e5 6. Nge2 Nge7 7. O-O O-O 8. a3
d6 9. Rb1 a5 10. d3 Be6 11. Nd5 Bxd5 12. cxd5 Nb8 13. b4 axb4 14. axb4 Na6 15.
bxc5 Nxc5 16. d4 exd4 17. exd4 Na4 18. Rxb7 Nf5 19. Be3 Qa5 20. Qb3 Nxe3 21.
fxe3 Qd2 22. Kf2 Rfc8 23. Rd1 Qc2 24. Qxc2 Rxc2 25. Rc1 Rxc1 26. Nxc1 Rc8 27.
Ne2 Rc2 28. Be4 Rd2 29. Rb8+ Bf8 30. Rc8 Nb6 31. Rc6 Rb2 32. g4 Be7 33. Kf3 Kg7
34. Nf4 Bh4 35. Bc2 h5 36. gxh5 g5 37. h6+ Kxh6 38. Nd3 Rb5 39. Rxd6+ Kg7 40.
Ke4 f5+ 41. Kxf5 Nxd5 42. Ke4 Nf6+ 43. Kf3 g4+ 44. Ke2 Ne4 45. Rd7+ Kf8 46. Ne5
Rb2 47. Kd3 Ng5 48. Ng6+ Ke8 49. Ba4 Ra2 50. Ra7+ Kd8 51. Nxh4 Rxh2 52. Nf5 Rf2
53. Nd6 1-0

[Event "Tradewise Gibraltar ChallWk1"]
[Site "Gibraltar"]
[Date "2017.01.27"]
[Round "5.5"]
[White "Severijnen, Arjon"]
[Black "Villar Reymundo, Juan Antonio"]
[Result "1-0"]
[WhiteElo "2153"]
[BlackElo "2212"]
[PlyCount "82"]
[EventDate "2017.01.23"]
[EventType "swiss"]
[EventRounds "5"]
[EventCountry "GGB"]
[SourceTitle "BritBase"]
[Source "www.saund.co.uk"]
[SourceDate "2018.02.10"]
[SourceVersion "1"]
[SourceVersionDate "2018.02.10"]
[SourceQuality "1"]

1. e4 c5 2. Nf3 e6 3. d4 cxd4 4. Nxd4 Nc6 5. Nc3 Qc7 6. g3 a6 7. Bg2 Nf6 8. O-O
Nxd4 9. Qxd4 Bc5 10. Qd3 Ng4 11. Qe2 Ne5 12. Nd1 b5 13. Be3 Bb7 14. Bxc5 Qxc5
15. Ne3 O-O 16. c3 Rac8 17. Rad1 a5 18. Rd2 Bc6 19. Kh1 Ng6 20. f4 f6 21. Rfd1
Qa7 22. Rd6 Rfe8 23. Qd3 Qa8 24. Rd2 Rc7 25. h4 Ne7 26. c4 b4 27. c5 Nc8 28.
Nc4 Nxd6 29. Nxd6 Re7 30. Qc4 Kf8 31. h5 h6 32. Kh2 f5 33. exf5 Bxg2 34. Rxg2
Qd5 35. Qb5 g6 36. Qb8+ Kg7 37. Qxc7 exf5 38. Qd8 Qe6 39. hxg6 Kxg6 40. g4 Qf6
41. g5 Qg7 1-0

[Event "Tradewise Gibraltar ChallWk1"]
[Site "Gibraltar"]
[Date "2017.01.27"]
[Round "5.6"]
[White "Kulkarni, Chinmay"]
[Black "Seraoui, Mohcen"]
[Result "1/2-1/2"]
[WhiteElo "2208"]
[BlackElo "2100"]
[PlyCount "103"]
[EventDate "2017.01.23"]
[EventType "swiss"]
[EventRounds "5"]
[EventCountry "GGB"]
[SourceTitle "BritBase"]
[Source "www.saund.co.uk"]
[SourceDate "2018.02.10"]
[SourceVersion "1"]
[SourceVersionDate "2018.02.10"]
[SourceQuality "1"]

1. e4 e5 2. Nf3 Nc6 3. Nc3 g6 4. d4 exd4 5. Nxd4 Bg7 6. Be3 Nge7 7. Qd2 O-O 8.
O-O-O d6 9. f3 Nxd4 10. Bxd4 Nc6 11. Bxg7 Kxg7 12. h4 h5 13. Bc4 Be6 14. Nd5
Bxd5 15. Bxd5 Qf6 16. Rdf1 Qd4 17. Qxd4+ Nxd4 18. Bxb7 Rab8 19. Ba6 Rb6 20. Bd3
a5 21. b3 a4 22. Kd2 a3 23. c3 Nc6 24. Kc2 Ne5 25. Rd1 f5 26. exf5 gxf5 27. f4
Nxd3 28. Rxd3 Re8 29. Kd2 Kf6 30. g3 c5 31. c4 Re6 32. Rd1 Rb8 33. Kc3 Rb6 34.
R1d2 Ke7 35. Rd5 Re3+ 36. R2d3 Rxd3+ 37. Rxd3 Rb8 38. Rd1 Ke6 39. Kd2 Rb7 40.
Rb1 Rg7 41. Re1+ Kd7 42. Re3 Rg8 43. Kc3 Rb8 44. Kd2 Rb7 45. Ke2 Rb8 46. Kf3
Rg8 47. Rd3 Rb8 48. Rd2 Rg8 49. Re2 Rb8 50. Re3 Rg8 51. Re2 Rb8 52. Re3 1/2-1/2

[Event "Tradewise Gibraltar ChallWk1"]
[Site "Gibraltar"]
[Date "2017.01.27"]
[Round "5.7"]
[White "Derakhshani, Borna"]
[Black "Lochte, Thomas"]
[Result "1-0"]
[WhiteElo "2195"]
[BlackElo "2070"]
[PlyCount "85"]
[EventDate "2017.01.23"]
[EventType "swiss"]
[EventRounds "5"]
[EventCountry "GGB"]
[SourceTitle "BritBase"]
[Source "www.saund.co.uk"]
[SourceDate "2018.02.10"]
[SourceVersion "1"]
[SourceVersionDate "2018.02.10"]
[SourceQuality "1"]

1. d4 Nf6 2. Bf4 e6 3. e3 d5 4. Bd3 c5 5. c3 Qb6 6. Qc1 c4 7. Bc2 Nbd7 8. Nf3
Bd6 9. Bg3 Qc7 10. Nbd2 b5 11. e4 Bf4 12. e5 Nh5 13. Qb1 Nf8 14. Bxf4 Nxf4 15.
g3 Nh3 16. Kf1 g5 17. Kg2 g4 18. Nh4 Qe7 19. Qd1 Qg5 20. f3 h5 21. Rf1 Nf4+ 22.
Kh1 N8g6 23. Bxg6 Nxg6 24. Nxg6 Qxg6 25. fxg4 hxg4 26. Rf4 Bb7 27. Nf1 O-O-O
28. Qxg4 Qh7 29. Qf3 f5 30. exf6 e5 31. Rh4 Qf7 32. Rxh8 Rxh8 33. Qf5+ Qd7 34.
Ne3 exd4 35. cxd4 Qxf5 36. Nxf5 Rf8 37. Nd6+ Kb8 38. Nxb7 Kxb7 39. Rf1 b4 40.
g4 c3 41. bxc3 bxc3 42. g5 c2 43. Rc1 1-0

[Event "Tradewise Gibraltar ChallWk1"]
[Site "Gibraltar"]
[Date "2017.01.27"]
[Round "5.8"]
[White "Meszaros, Andras"]
[Black "Kandic, Milan"]
[Result "0-1"]
[WhiteElo "2240"]
[BlackElo "2061"]
[PlyCount "56"]
[EventDate "2017.01.23"]
[EventType "swiss"]
[EventRounds "5"]
[EventCountry "GGB"]
[SourceTitle "BritBase"]
[Source "www.saund.co.uk"]
[SourceDate "2018.02.10"]
[SourceVersion "1"]
[SourceVersionDate "2018.02.10"]
[SourceQuality "1"]

1. d4 d6 2. c4 Nf6 3. Nc3 g6 4. e4 Bg7 5. Nf3 O-O 6. Be2 e5 7. O-O Nc6 8. d5
Ne7 9. b4 Ne8 10. Nd2 f5 11. f3 f4 12. Qb3 g5 13. c5 Kh8 14. a4 Ng6 15. Ba3 Rf7
16. Rac1 h5 17. h3 g4 18. fxg4 hxg4 19. hxg4 Qh4 20. cxd6 cxd6 21. Nd1 Bxg4 22.
Bxg4 Qxg4 23. Nf3 Bf6 24. Nf2 Qh5 25. b5 Rg7 26. Rc2 Nh4 27. Nxh4 Bxh4 28. Qh3
Rg3 0-1

[Event "Tradewise Gibraltar ChallWk1"]
[Site "Gibraltar"]
[Date "2017.01.27"]
[Round "5.9"]
[White "Anuprita, Patil"]
[Black "Pinho, Paulo"]
[Result "0-1"]
[WhiteElo "2066"]
[BlackElo "2220"]
[PlyCount "66"]
[EventDate "2017.01.23"]
[EventType "swiss"]
[EventRounds "5"]
[EventCountry "GGB"]
[SourceTitle "BritBase"]
[Source "www.saund.co.uk"]
[SourceDate "2018.02.10"]
[SourceVersion "1"]
[SourceVersionDate "2018.02.10"]
[SourceQuality "1"]

1. d4 Nf6 2. Bg5 Ne4 3. h4 c5 4. dxc5 Qa5+ 5. Nd2 g6 6. c3 Nxg5 7. hxg5 Qxc5 8.
Ngf3 Bg7 9. Nb3 Qc7 10. e3 d6 11. Qd2 Nc6 12. Be2 a5 13. a4 Bd7 14. Nbd4 Nb8
15. Nb5 Qb6 16. Rh4 Na6 17. Bc4 Nc5 18. Nfd4 Bc6 19. f3 d5 20. b4 axb4 21. a5
Qd8 22. Be2 b3 23. a6 e5 24. Nxc6 bxc6 25. Na3 Qxg5 26. Rg4 Qe7 27. Nb1 O-O 28.
Rb4 Ra7 29. Ra5 Rfa8 30. Qd1 e4 31. f4 Nd3+ 32. Bxd3 Bxc3+ 33. Nxc3 Qxb4 0-1

[Event "Tradewise Gibraltar ChallWk1"]
[Site "Gibraltar"]
[Date "2017.01.27"]
[Round "5.10"]
[White "Ebner, Johann"]
[Black "Alberto, Manuel"]
[Result "1-0"]
[WhiteElo "2066"]
[BlackElo "2168"]
[PlyCount "68"]
[EventDate "2017.01.23"]
[EventType "swiss"]
[EventRounds "5"]
[EventCountry "GGB"]
[SourceTitle "BritBase"]
[Source "www.saund.co.uk"]
[SourceDate "2018.02.10"]
[SourceVersion "1"]
[SourceVersionDate "2018.02.10"]
[SourceQuality "1"]

1. d4 Nf6 2. c4 c5 3. d5 e5 4. Nc3 d6 5. e4 Be7 6. Bd3 O-O 7. Nge2 Ne8 8. O-O
Bg5 9. f4 exf4 10. Nxf4 Nd7 11. Nh5 Ne5 12. Be2 a6 13. a4 b6 14. Ra3 g6 15. Ng3
Bd7 16. Bxg5 Qxg5 17. Nb1 Kh8 18. Nd2 Rb8 19. Nf3 Qe7 20. Nxe5 Qxe5 21. Raf3 f6
22. b3 Nc7 23. Qd2 Kg7 24. Rf4 Kh8 25. Bg4 g5 26. Bxd7 gxf4 27. Rxf4 b5 28. Rh4
Qg5 29. Qxg5 fxg5 30. Rh5 bxc4 31. Bf5 Rxf5 32. Nxf5 cxb3 33. Rxg5 b2 34. Nxd6
b1=Q+ {Nf7#} 1-0

[Event "Tradewise Gibraltar ChallWk1"]
[Site "Gibraltar"]
[Date "2017.01.27"]
[Round "5.11"]
[White "Dolzhikova, Olga"]
[Black "Wilen, Eero"]
[Result "1-0"]
[WhiteElo "2164"]
[BlackElo "2035"]
[PlyCount "59"]
[EventDate "2017.01.23"]
[EventType "swiss"]
[EventRounds "5"]
[EventCountry "GGB"]
[SourceTitle "BritBase"]
[Source "www.saund.co.uk"]
[SourceDate "2018.02.10"]
[SourceVersion "1"]
[SourceVersionDate "2018.02.10"]
[SourceQuality "1"]

1. e4 d6 2. d4 Nf6 3. Nc3 c6 4. Nf3 Bg4 5. h3 Bh5 6. Bd3 Bxf3 7. Qxf3 e5 8.
dxe5 dxe5 9. g4 Bd6 10. Be3 O-O 11. O-O-O Qa5 12. Bc4 Bc5 13. Bd2 Qc7 14. h4 b5
15. Bb3 a5 16. a4 b4 17. Ne2 Nbd7 18. g5 Ne8 19. g6 Nd6 20. Rdg1 Nf6 21. gxf7+
Kh8 22. Bh6 Rxf7 23. Bxf7 Qxf7 24. Bxg7+ Qxg7 25. Rxg7 Kxg7 26. Rg1+ Kf7 27.
Ng3 Rg8 28. Rd1 Rg4 29. Nf5 Rf4 30. Qb3+ 1-0

[Event "Tradewise Gibraltar ChallWk1"]
[Site "Gibraltar"]
[Date "2017.01.27"]
[Round "5.12"]
[White "Lopez De Turiso, Jose Angel"]
[Black "Jordan Martinez, David"]
[Result "0-1"]
[WhiteElo "2019"]
[BlackElo "2122"]
[PlyCount "72"]
[EventDate "2017.01.23"]
[EventType "swiss"]
[EventRounds "5"]
[EventCountry "GGB"]
[SourceTitle "BritBase"]
[Source "www.saund.co.uk"]
[SourceDate "2018.02.10"]
[SourceVersion "1"]
[SourceVersionDate "2018.02.10"]
[SourceQuality "1"]

1. d4 Nf6 2. c4 e6 3. Nc3 Bb4 4. Qc2 c5 5. Nf3 Nc6 6. e3 b6 7. Bd2 O-O 8. a3
Ba5 9. Be2 Bb7 10. O-O Bxc3 11. Bxc3 Qe7 12. Rfd1 d6 13. b4 Rfd8 14. Rab1 Rac8
15. bxc5 dxc5 16. dxc5 Qxc5 17. Bxf6 gxf6 18. Rb5 Rxd1+ 19. Bxd1 Qxa3 20. Rh5
Kf8 21. Rxh7 Ke7 22. Rxf7+ Kxf7 23. Qh7+ Ke8 24. Qxb7 Ne7 25. Be2 Qa1+ 26. Bf1
Rxc4 27. h4 Rc1 28. Nh2 Kf7 29. g4 a5 30. Kg2 a4 31. h5 a3 32. Bd3 f5 33. g5
Rg1+ 34. Kh3 Rxg5 35. f4 Rxh5+ 36. Kg2 Qb2+ 0-1

[Event "Tradewise Gibraltar ChallWk1"]
[Site "Gibraltar"]
[Date "2017.01.27"]
[Round "5.13"]
[White "Schouten, Freek"]
[Black "Usleber, Helmut"]
[Result "1-0"]
[WhiteElo "2095"]
[BlackElo "2052"]
[PlyCount "81"]
[EventDate "2017.01.23"]
[EventType "swiss"]
[EventRounds "5"]
[EventCountry "GGB"]
[SourceTitle "BritBase"]
[Source "www.saund.co.uk"]
[SourceDate "2018.02.10"]
[SourceVersion "1"]
[SourceVersionDate "2018.02.10"]
[SourceQuality "1"]

1. d4 f5 2. g3 Nf6 3. Bg2 g6 4. Nh3 Bg7 5. Nf4 d6 6. d5 c6 7. c4 e5 8. dxe6 Na6
9. h4 Nc7 10. h5 g5 11. h6 Bf8 12. Nh3 g4 13. Ng5 Nxe6 14. Nc3 Rg8 15. Nxe6
Bxe6 16. Qd4 Be7 17. Bf4 Qb6 18. O-O-O Qxd4 19. Rxd4 O-O-O 20. Rhd1 c5 21. Bd5
cxd4 22. Bxe6+ Kb8 23. Rxd4 Rgf8 24. Nd5 Nxd5 25. Rxd5 Rf6 26. Bxf5 Rdf8 27. e4
Rxf5 28. Rxf5 Rxf5 29. exf5 Kc8 30. Kc2 Kd7 31. Kd3 Bf6 32. b3 Kc6 33. Ke4 Be7
34. Be3 Bf8 35. f6 a6 36. Kd4 b6 37. Ke4 b5 38. Kd4 bxc4 39. bxc4 Kc7 40. Kd5
Kd7 41. Bf4 1-0

[Event "Tradewise Gibraltar ChallWk1"]
[Site "Gibraltar"]
[Date "2017.01.27"]
[Round "5.14"]
[White "Cholleti, Sahajasri"]
[Black "Lung, Liviu-Catalin"]
[Result "1-0"]
[WhiteElo "1987"]
[BlackElo "2090"]
[PlyCount "77"]
[EventDate "2017.01.23"]
[EventType "swiss"]
[EventRounds "5"]
[EventCountry "GGB"]
[SourceTitle "BritBase"]
[Source "www.saund.co.uk"]
[SourceDate "2018.02.10"]
[SourceVersion "1"]
[SourceVersionDate "2018.02.10"]
[SourceQuality "1"]

1. Nf3 Nf6 2. c4 g6 3. Nc3 Bg7 4. e4 O-O 5. d4 d6 6. Be2 e5 7. d5 Nbd7 8. Be3
Nc5 9. Nd2 a5 10. a3 Ne8 11. b4 axb4 12. axb4 Rxa1 13. Qxa1 Na6 14. Qa3 f5 15.
f3 f4 16. Bf2 g5 17. c5 Nf6 18. c6 Nxb4 19. Qxb4 b6 20. Nb5 Ne8 21. Na7 h5 22.
h3 g4 23. hxg4 hxg4 24. Bh4 Bf6 25. Bxf6 Nxf6 26. Nxc8 Qxc8 27. Qa3 g3 28. Nc4
Qa8 29. Kd2 Qxa3 30. Nxa3 Ra8 31. Ra1 Kf7 32. Kc3 Ke7 33. Kb4 Rh8 34. Nb5 Rh2
35. Nxc7 Rxg2 36. Nb5 Rxe2 37. Ra7+ Kd8 38. c7+ Kd7 39. Nxd6 1-0

[Event "Tradewise Gibraltar ChallWk1"]
[Site "Gibraltar"]
[Date "2017.01.27"]
[Round "5.15"]
[White "Verneuil, Pascal"]
[Black "Gostelow, David W"]
[Result "1-0"]
[WhiteElo "2215"]
[BlackElo "1970"]
[PlyCount "73"]
[EventDate "2017.01.23"]
[EventType "swiss"]
[EventRounds "5"]
[EventCountry "GGB"]
[SourceTitle "BritBase"]
[Source "www.saund.co.uk"]
[SourceDate "2018.02.10"]
[SourceVersion "1"]
[SourceVersionDate "2018.02.10"]
[SourceQuality "1"]

1. e4 c5 2. Nc3 e6 3. Nf3 a6 4. d4 cxd4 5. Nxd4 d6 6. Be3 Nf6 7. Be2 Be7 8. O-O
O-O 9. f4 Nc6 10. Bf3 Bd7 11. Nb3 b5 12. a3 Rc8 13. Qe1 Qc7 14. Qf2 Ne8 15.
Rad1 Bf6 16. e5 Be7 17. Rd2 f6 18. exd6 Bxd6 19. Rfd1 Rf7 20. Ne4 Bf8 21. Nec5
Nb8 22. f5 Re7 23. fxe6 Bc6 24. Bxc6 Qxc6 25. Na5 Qc7 26. b4 g5 27. Nab3 Rg7
28. Nd4 Nd6 29. Nf5 Nc4 30. Nxg7 Nxd2 31. Nh5 Nc4 32. Nxf6+ Kg7 33. Bd4 Kg6 34.
Nd5 Qd8 35. Qf7+ Kh6 36. Rf1 Qxd5 37. Rf6# 1-0

[Event "Tradewise Gibraltar ChallWk1"]
[Site "Gibraltar"]
[Date "2017.01.27"]
[Round "5.16"]
[White "Herzwurm, Robert"]
[Black "Spanton, Tim R"]
[Result "1-0"]
[WhiteElo "2143"]
[BlackElo "1964"]
[PlyCount "71"]
[EventDate "2017.01.23"]
[EventType "swiss"]
[EventRounds "5"]
[EventCountry "GGB"]
[SourceTitle "BritBase"]
[Source "www.saund.co.uk"]
[SourceDate "2018.02.10"]
[SourceVersion "1"]
[SourceVersionDate "2018.02.10"]
[SourceQuality "1"]

1. e4 e5 2. Nf3 Nc6 3. Bc4 Bc5 4. c3 Nf6 5. d3 a6 6. Bb3 O-O 7. O-O d6 8. Nbd2
Be6 9. Bc2 d5 10. Qe2 d4 11. h3 h6 12. Rd1 Qd7 13. Nc4 Bxc4 14. dxc4 a5 15. Nh4
Qe6 16. Nf5 dxc3 17. bxc3 Rfd8 18. Rd5 Bf8 19. Qd3 Nxd5 20. cxd5 Qf6 21. Qg3
Ne7 22. Nxh6+ Kh7 23. Ng4 Qd6 24. Nxe5 Ng6 25. Nxg6 Qxg6 26. Qxg6+ Kxg6 27. Be3
f6 28. e5+ Kf7 29. e6+ Kg8 30. Rd1 c6 31. c4 cxd5 32. cxd5 Rac8 33. Bb3 Bd6 34.
Bb6 Bc7 35. Bxc7 Rxc7 36. d6 1-0

[Event "Tradewise Gibraltar ChallWk1"]
[Site "Gibraltar"]
[Date "2017.01.27"]
[Round "5.17"]
[White "Lawson, Dominic Ralph"]
[Black "Jordan Martinez, Miguel"]
[Result "0-1"]
[WhiteElo "2027"]
[BlackElo "2142"]
[PlyCount "62"]
[EventDate "2017.01.23"]
[EventType "swiss"]
[EventRounds "5"]
[EventCountry "GGB"]
[SourceTitle "BritBase"]
[Source "www.saund.co.uk"]
[SourceDate "2018.02.10"]
[SourceVersion "1"]
[SourceVersionDate "2018.02.10"]
[SourceQuality "1"]

1. e4 e6 2. d4 d5 3. exd5 exd5 4. c4 Nf6 5. Nc3 Be7 6. Bd3 dxc4 7. Bxc4 O-O 8.
Nge2 Nbd7 9. O-O Nb6 10. Bb3 Bd7 11. Ng3 c6 12. h3 Nbd5 13. Qf3 Be6 14. Nf5
Bxf5 15. Qxf5 Qc8 16. Qd3 Qd7 17. Bg5 Rad8 18. Rfe1 Rfe8 19. a3 h6 20. Bh4 Nf4
21. Qf3 Qxd4 22. Rxe7 Rxe7 23. Rd1 Nd3 24. Bxf6 gxf6 25. Bc2 Re1+ 26. Rxe1 Nxe1
27. Qg3+ Kf8 28. Bb1 Nd3 29. Ne2 Qe5 30. Qg4 Nxb2 31. Qb4+ c5 0-1

[Event "Tradewise Gibraltar ChallWk1"]
[Site "Gibraltar"]
[Date "2017.01.27"]
[Round "5.18"]
[White "Bendayan Claros, Aaron"]
[Black "Green, Per"]
[Result "1-0"]
[WhiteElo "2128"]
[BlackElo "1956"]
[PlyCount "81"]
[EventDate "2017.01.23"]
[EventType "swiss"]
[EventRounds "5"]
[EventCountry "GGB"]
[SourceTitle "BritBase"]
[Source "www.saund.co.uk"]
[SourceDate "2018.02.10"]
[SourceVersion "1"]
[SourceVersionDate "2018.02.10"]
[SourceQuality "1"]

1. d4 Nf6 2. Bg5 d5 3. e3 Nbd7 4. c4 c6 5. Nc3 Qa5 6. Bd3 dxc4 7. Bxf6 Nxf6 8.
Bxc4 Qb4 9. Bb3 Bg4 10. f3 Bh5 11. Nge2 e6 12. O-O Bd6 13. e4 Rd8 14. Qe1 e5
15. d5 cxd5 16. Nxd5 Nxd5 17. Bxd5 Qb6+ 18. Kh1 O-O 19. Qd2 Be7 20. a3 Rc8 21.
g3 Rc7 22. Kg2 Kh8 23. Rac1 Rfc8 24. Rxc7 Rxc7 25. Nc3 Rd7 26. Rc1 h6 27. h4
Bg6 28. Na4 Qd8 29. Rc3 Rc7 30. Qc2 Rxc3 31. Nxc3 b6 32. Qa4 a5 33. Qc6 Bc5 34.
Kh3 f6 35. g4 h5 36. Ne2 Be3 37. Ng3 hxg4+ 38. fxg4 Qe8 39. Qc7 Qf8 40. Nf5
Bxf5 41. gxf5 1-0

[Event "Tradewise Gibraltar ChallWk1"]
[Site "Gibraltar"]
[Date "2017.01.27"]
[Round "5.19"]
[White "Suez-Panama, Gilles"]
[Black "Burrows, Martin P"]
[Result "0-1"]
[WhiteElo "2010"]
[BlackElo "2124"]
[PlyCount "84"]
[EventDate "2017.01.23"]
[EventType "swiss"]
[EventRounds "5"]
[EventCountry "GGB"]
[SourceTitle "BritBase"]
[Source "www.saund.co.uk"]
[SourceDate "2018.02.10"]
[SourceVersion "1"]
[SourceVersionDate "2018.02.10"]
[SourceQuality "1"]

1. Nf3 Nf6 2. b3 d6 3. Bb2 e5 4. c4 g6 5. d3 Bg7 6. e3 O-O 7. Be2 Nc6 8. a3 Ne8
9. Qc2 f5 10. Nc3 f4 11. Nd5 Ne7 12. e4 c5 13. b4 Nxd5 14. cxd5 b6 15. Nd2 Bd7
16. Qb3 Kh8 17. a4 Nc7 18. Nc4 Qe7 19. b5 Rfb8 20. Na3 a6 21. bxa6 Rxa6 22. Nb5
Nxb5 23. axb5 Rxa1+ 24. Bxa1 Qe8 25. O-O Bxb5 26. Bg4 Ba4 27. Qc3 Qd8 28. Bb2
b5 29. Ra1 b4 30. Qc4 Bb5 31. Qb3 Ra8 32. Rxa8 Qxa8 33. Bd1 Qa6 34. Bc2 f3 35.
gxf3 Bh6 36. Kg2 Bf4 37. h3 Kg7 38. Bb1 Qa4 39. Qxa4 Bxa4 40. Ba2 Kh6 41. Bc4
Kg5 42. Ba6 Kh4 0-1